000 00818nam a2200241 a 4500
999 _c11012
_d11012
001 11012
003 BD-JhCC
005 20190725102116.0
008 190725b 2014bg |||| ||a| 000 0 ben d
020 _a9847009602658
035 _a(BD-JhCC)11012
040 _aBD-JhCC
_dBD-JhCC
041 _aben
082 _a981.4409
_bRAH 2014
100 _aরহমান,মুহাম্মদ হাবিবুর ।
245 _aসীমার মাঝে অসীম তুমি /
_b মুহাম্মদ হাবিবুর রহমান।
260 _aঢাকা,
_bতাম্রলিপি ;
_c২০১৪ ।
300 _aপৃঃ ১৪০ ,
_c২২ সেমিঃ
650 _aBengali Lierature
856 _303-12-1928 / 11-01-214
942 _2ddc
_cBK